000 01031nam a2200301Ia 4500
001 dia_1818
003 CHAP
005 20251027153621.0
008 220117s1986 xx 000 0 und d
010 _a172356
040 _cCHAP
082 _a664.7 M36 1986
245 _aManejo y conservación de granos y semillas /
_c Arturo Ortiz Cornejo...[et al.]
260 _aMéxico :
_b UNAM. Programa Universitario de Alimentos,
_c1986
300 _a1 v. (pag. variada)
500 _aEs material fotocopiado
504 _aIncluye bibliografías
590 _aSB190 M36 1986
650 _aGrains
_xStorage
_xHandbooks, manuals, etc.
_9148188
650 _aGranos
_xAlmacenamiento
_xManuales
_9148189
650 _aSeeds
_xStorage
_xHandbooks, manuals, etc.
_9151625
650 _aSemillas
_xAlmacenamiento
_xManuales
_9151626
700 _aOrtiz Cornejo, Arturo, coaut.
_9151627
901 _a664.7 M36 1986
902 _aM
905 _a5232271986 mx an 8222223322spa16
942 _cLIBRO
_2ddc
999 _c172356
_d172356